Statistisk ársbok för Sverige 1988 Árg.74

Salvato in:
Dettagli Bibliografici
Natura: Libro
Lingua:svedese
Pubblicazione: Stockholm Statitiska Centralbyrán 1987
Edizione:1. ed.
Tags: Aggiungi Tag
Nessun Tag, puoi essere il primo ad aggiungerne!!

MARC

LEADER 00000nam a2200000 4500
001 c032136
005 20221219132421.4
041 0 |a swe 
044 |a SE 
245 1 0 |a Statistisk ársbok för Sverige 1988  |b Árg.74 
250 |a 1. ed. 
264 1 |a Stockholm  |b Statitiska Centralbyrán  |c 1987 
300 |a 561 s.